Vedeckotechnická revolúcia a výchova

Bibliographic Details
Main Authors: Mátej, Jozef, 1923-1987 (Author), Pavlík, Ondrej, 1916-1996 (Author)
Format: Article
Language:Slovak
Subjects:

MARC

LEADER 00000nab a2200000 a 4500
001 vtls000034656
003 SK-MaSNL
005 20260426093249.0
008 140301c1979 xo 0 slo
015 |a SNBRB19rr/mm-uuuuu 
035 |a CL0044751 
040 |a SNKBUCL  |b slo  |c SNKBUCL  |e AACR2 
041 0 |a slo 
044 |a xo  |c SK 
080 |a 37.01  |2 1981 
080 |a 62.001.3  |2 1981 
100 1 |a Mátej, Jozef,  |d 1923-1987  |4 aut  |9 257907 
245 1 0 |a Vedeckotechnická revolúcia a výchova  |c Jozef Mátej ; Ondrej Pavlík 
650 0 7 |a vzdelávanie  |2 snkbucl  |9 4033 
650 0 7 |a školstvo  |2 snkbucl  |9 19712 
650 0 7 |a vedecko-technický rozvoj  |2 snkbucl  |9 3999 
655 7 |a články z novín a časopisov  |2 snkbucl  |9 267496 
700 1 |a Pavlík, Ondrej,  |d 1916-1996  |4 aut  |9 106869 
773 0 |t Učiteľské noviny  |g Roč. 29, č. 29 (1979), s. 12 
787 0 8 |i Rec.:  |a Pavlík, Ondrej  |t Vedeckotechnická revolúcia, socializmus a výchova človeka 
850 |a Slovenská národná knižnica v Martine  |a MTA001 
852 |a SNK  |b KIS3GCP 
958 |a RK 
992 |a RBX 
999 |c 3095355  |d 3097285